书目信息 |
| 题名: |
风机基础风致疲劳损伤机理、检测、设计与加固
|
|
| 作者: | 吕伟荣 , 刘锡军 , 张家志 , 卢倍嵘 著 | |
| 分册: | ||
| 出版信息: | 北京 中国建筑工业出版社 2017.09 |
|
| 页数: | 175页 | |
| 开本: | 26cm | |
| 丛书名: | ||
| 单 册: | ||
| 中图分类: | TH43 | |
| 科图分类: | ||
| 主题词: | 风机--feng ji--疲劳--研究 | |
| 电子资源: | ||
| ISBN: | 978-7-112-21085-5 | |
| 000 | 01114nam0 2200289 450 | |
| 001 | 0100002297 | |
| 005 | 20190307162523.64 | |
| 010 | @a978-7-112-21085-5@dCNY35.00 | |
| 100 | @a20170926d2017 em y0chiy50 ea | |
| 101 | 0 | @achi |
| 102 | @aCN@b110000 | |
| 105 | @aak a 000yy | |
| 200 | 1 | @a风机基础风致疲劳损伤机理、检测、设计与加固@Afeng ji ji chu feng zhi pi lao sun shang ji li 、 jian ce 、 she ji yu jia gu@f吕伟荣 ... [等] 著 |
| 210 | @a北京@c中国建筑工业出版社@d2017.09 | |
| 215 | @a175页@c图@d26cm | |
| 300 | @a湖南科技大学学术著作出版基金 湘电风能有限公司资助 | |
| 304 | @a题名页题其余责任者: 刘锡军, 张家志, 卢倍嵘 | |
| 320 | @a有书目 (第168-175页) | |
| 330 | @a本书主要内容包括: 重力式风机基础风致疲劳损伤及演化机理、基础环式风机基础现有设计方法及存在问题、风格基础混凝土与基础环粘结应力传递机理等。 | |
| 606 | 0 | @a风机@Afeng ji@x疲劳@x研究 |
| 690 | @aTH43@v5 | |
| 701 | 0 | @a吕伟荣@Alu^ wei rong@4著 |
| 701 | 0 | @a刘锡军@Aliu xi jun@4著 |
| 701 | 0 | @a张家志@Azhang jia zhi@4著 |
| 701 | 0 | @a卢倍嵘@Alu bei rong@4著 |
| 801 | 0 | @aCN@c20180910 |
| 905 | @a河南城建学院图书馆@dTH43@eL900 | |
| 风机基础风致疲劳损伤机理、检测、设计与加固/吕伟荣 ... [等] 著.-北京:中国建筑工业出版社,2017.09 |
| 175页:图;26cm |
| 湖南科技大学学术著作出版基金 湘电风能有限公司资助 |
| ISBN 978-7-112-21085-5:CNY35.00 |
| 本书主要内容包括: 重力式风机基础风致疲劳损伤及演化机理、基础环式风机基础现有设计方法及存在问题、风格基础混凝土与基础环粘结应力传递机理等。 |
| ● |
| 相关链接 |
|
|
|
正题名:风机基础风致疲劳损伤机理、检测、设计与加
索取号:TH43/L900
 
预约/预借
| 序号 | 登录号 | 条形码 | 馆藏地/架位号 | 状态 | 备注 |
| 1 | 1244010 | 212440107 | 自科库501/501自科库 135排2列6层/ [索取号:TH43/L900] | 在馆 | |
| 2 | 1386184 | 213861846 | 自科库501/501自科库 31排2列2层/ [索取号:TH43/L900] | 在馆 | |
| 3 | 1386185 | 213861855 | 自科库501/501自科库 31排2列2层/ [索取号:TH43/L900] | 在馆 |